The Influence of the Number of Patents on the Economic Growth of the Country – Evidence from Serbia and Hungary

Zisťovanie, či má trhové overovanie výsledkov výskumných a vývojových aktivít, meraných počtom patentov na milión obyvateľov, pozitívny vplyv na hospodársky rast a rast inovácií v krajine.

Gespeichert in:
Bibliographische Detailangaben
1. Verfasser: Domazet, Ivana
Weitere Verfasser: Marjanović, Darko, Ahmetagić, Deniz, Simović, Vladimir
Format: Buchkapitel
Sprache:Englisch
Schlagworte:
Tags: Tag hinzufügen
Keine Tags, Fügen Sie das erste Tag hinzu!

MARC

LEADER 00000naa a2200000 4500
001 0299439
005 20240229105911.6
041 0 |a eng 
044 |a RS 
245 1 0 |a The Influence of the Number of Patents on the Economic Growth of the Country – Evidence from Serbia and Hungary  |c Ivana Domazet, Darko Marjanović, Deniz Ahmetagić, Vladimir Simović 
520 |a Zisťovanie, či má trhové overovanie výsledkov výskumných a vývojových aktivít, meraných počtom patentov na milión obyvateľov, pozitívny vplyv na hospodársky rast a rast inovácií v krajine. 
610 2 0 |a patenty 
610 2 0 |a inovácie environmentálne 
610 2 0 |a inovácie technologické 
610 2 0 |a produkt domáci hrubý 
610 2 0 |a rast hospodársky 
610 2 0 |a Srbsko 
610 2 0 |a Maďarsko 
100 1 |a Domazet, Ivana 
700 1 |a Marjanović, Darko 
700 1 |a Ahmetagić, Deniz 
700 1 |a Simović, Vladimir